00562nam a22001457a 4500003000400000005001700004008004100021040001100062041001200073100005600085245011800141260006800259650003200327856005700359OSt20260407154436.0260407b |||||||| |||| 00| 0 eng d cMRSPTU aEnglish aSatnam Singh, Supervisor: Dr. Kawaljit Singh Sandhu aEffect of Germination on Nutritional Profile of Selected Chia Seeds and Development of Chia Seeds Based Nutri Bar bDepartment of Food Science & Technology, MRSPTU, Bathindac2021 aFood Science and Technology uhttp://163.47.215.52:8080/jspui/handle/123456789/454